00921nam a2200193Ia 4500008004100000020001500041041001200056082001600068100001600084245004200100260003600142300000800178650001600186942000700202999001500209952016100224952017100385952017100556221030s9999 xx 000 0 und d a8173173443 aEnglish a105.23bSin aV. P. Singh 0aMicrosoft Office 2000cby V. P. Singh bAsia Pub HouseaNew Delhic2000 a512 aBE Computer cBK c7281d7281 pBE 3569g169.00l0o105.23 Sinr2024-06-13 00:00:00w2022-10-30yBK003Print4071aMIETLIBbMIETLIBcBL-Second, FL-1, CUP-77, SH-1, R-1d2001-04-0510HBE pBE 3570g169.00l0o105.23 Sinr2024-06-13 00:00:00w2022-10-30yBK003Print4070aMIETLIBbMIETLIBcBL-Academic Block C, FL-2, CUP-48, SH-2, R-1d2001-04-0510HBE pBE 3571g169.00l0o105.23 Sinr2024-06-13 00:00:00w2022-10-30yBK003Print4070aMIETLIBbMIETLIBcBL-Academic Block C, FL-2, CUP-48, SH-3, R-3d2001-04-0510HBE